000 00969cam a2200217 4500
001 WB3935-01
008 030918n2003 000 0 eng u
035 _a(Sirsi) u123658
245 _aGlobal fine art market tumbles
260 _c2003
490 _aAntiques Trade Gazette
_v(1606) 20 September 2003, 1(1)
520 _aTwo leading market trackers' figures show that turnover and the number of fine art items offered at auction have fallen dramatically this year. Both British-based Art Sales Index and French-based Artprice.com show huge drops in prices for catalogued sales and turnover, particularly compared to 2000. Art Sales Index, http://www.art-sales-index.com/system/index.html and Artprice.com, http://www.artprice.com/.
590 _aWB
650 _aFINE ART MARKET
650 _aAuctioneering
_96218
650 _aART SALES
650 _aART SALES INDEX
650 _aINTERNATIONAL MARKETS
690 _aArts and antiques
_96217
942 _n0
999 _c73432
_d73432